000
00272nam a22001097a 4500
008
170113b xxu||||| |||| 00| 0 eng d
020
_a
9780323069779
041
_a
eng
080
_2
5TH
_a
618.2
245
_a
LEADING AND MANAGING IN NURSING
_c
YODER-WISE, P.S
942
_2
udc
_c
BK
999
_c
2853
_d
2853